Issunobishi and the princess (Record no. 69049)

MARC details
000 -LEADER
fixed length control field 00714nam a2200253 i 4500
001 - CONTROL NUMBER
control field C2-0257056
003 - CONTROL NUMBER IDENTIFIER
control field PPAK
005 - DATE AND TIME OF LATEST TRANSACTION
control field 20180727224218.0
008 - FIXED-LENGTH DATA ELEMENTS--GENERAL INFORMATION
fixed length control field 040810s2004 my a|||| ||||| | eng d
020 ## - INTERNATIONAL STANDARD BOOK NUMBER
International Standard Book Number 9830233995
040 ## - CATALOGING SOURCE
Original cataloging agency PPAK
Language of cataloging eng
Transcribing agency PPAK
Description conventions rda
082 04 - DEWEY DECIMAL CLASSIFICATION NUMBER
Classification number 398.2
Edition number 23
090 00 - LOCALLY ASSIGNED LC-TYPE CALL NUMBER (OCLC); LOCAL CALL NUMBER (RLIN)
Classification number (OCLC) (R) ; Classification number, CALL (RLIN) (NR) 398.2
Feature heading YUL
Feature heading K
245 00 - TITLE STATEMENT
Title Issunobishi and the princess
264 #1 - PRODUCTION, PUBLICATION, DISTRIBUTION, MANUFACTURE, AND COPYRIGHT NOTICE
Place of production, publication, distribution, manufacture Seri Kembangan, Selangor :
Name of producer, publisher, distributor, manufacturer Pustaka Cita Tinggi ,
Date of production, publication, distribution, manufacture, or copyright notice 2004
300 ## - PHYSICAL DESCRIPTION
Extent 70 pages :
Other physical details illustrations ;
Dimensions 22 cm
336 ## - CONTENT TYPE
Source rdacontent
Content type term text
337 ## - MEDIA TYPE
Source rdamedia
Media type term unmediated
338 ## - CARRIER TYPE
Source rdacarrier
Carrier type term volume
490 1# - SERIES STATEMENT
Series statement Ancients tales for today's teen
650 10 - SUBJECT ADDED ENTRY--TOPICAL TERM
Topical term or geographic name entry element Tales
830 #0 - SERIES ADDED ENTRY--UNIFORM TITLE
Uniform title Ancients tales for today's teen
942 ## - ADDED ENTRY ELEMENTS (KOHA)
-- dc
Koha item type Book
Holdings
Withdrawn Not for loan Current library Shelving location Date acquired Full call number Barcode Date last seen Koha item type
    Perpustakaan Kulim Pinjaman Kanak-kanak 27/11/2004 K 398.2 YUL A01072434 08/05/2018 Book
    Perpustakaan Kulim Pinjaman Kanak-kanak 27/11/2004 K 398.2 YUL A01072435 08/05/2018 Book